000
00285nam a2200133Ia 4500
100
_a
Edward S. Rosh
942
_c
BK
654
_a
Gaging
245
_a
Functional Gaging
260
_b
Society of Manufacturing Engineers
_c
2001
082
_a
620
300
_a
138
546
_a
ENGLISH
999
_c
35559
_d
35559